Online
Catalog
Normal view MARC view

Entry Nombre corporativo

Number of records used in: 1

001 - NÚMERO DE CONTROL

  • campo de control: 88376

003 - IDENTIFICADOR DEL NÚMERO DE CONTROL

  • campo de control: DO-SdBNP

005 - FECHA Y HORA DE LA ÚLTIMA TRANSACCIÓN

  • campo de control: 20250716153335.0

008 - DATOS DE LONGITUD FIJA

  • campo de control de longitud fija: 250716|| aca||aabn | a|a d

040 ## - FUENTE DE LA CATALOGACIÓN

  • Centro catalogador/agencia de origen: DO-SdBNP

110 ## - ENCABEZAMIENTO-NOMBRE DE ENTIDAD CORPORATIVA

  • Nombre de entidad corporativa o nombre de jurisdicción como elemento de entrada: República Dominicana. Superintendencia de Salud y Riesgos Laborales

372 ## - CAMPO DE ACTIVIDAD

  • Campo de actividad: Salud

678 ## - DATOS BIOGRÁFICOS O HISTÓRICOS

  • Datos biográficos o históricos: La Superintendencia de Salud y Riesgos Laborales (SISALRIL) es una entidad estatal autónoma con personería jurídica y patrimonio propio. Está conformada por un equipo técnico y administrativo altamente calificado.

Powered by Koha